000 00722nam a2200205 4500
001 120768
003 ES-MaACL
005 20250630032906.0
007 t|
008 070214s1982 sp r ||||1| spa d
100 1 _aPrados de la Escosura, Leandro.
_993638
245 1 0 _aComercio exterior y crecimiento económico en España, 1826 - 1913
_b: tendencias a largo plazo /
_cLeandro Prados de la Escosura.
260 _aMadrid :
_bBanco de España,
_c1982.
300 _a119 p. ;
_c24 cm.
490 1 _aEstudios de Historia Económica ;
_v7
710 2 _aBanco de España
_92104
830 0 _aEstudios de Historia Económica ;
_v7
_9179607
852 _aES-MaACL
_jL-2429
_bR.103189
999 _c120768
_d120768